Biblische Historie : Aus dem alten und neuen Testament, Mit schrifftmäßigen Erklärungen, angenehmen Anmerkungen, und sittlichen Ermahnungen, zum Nutzen der Liebhaber. Fünffzehender Theil, Von unsers lieben Heylands Heil. Leyden, biß auf den Tod Ananias, und Saphira /

Hlavní autor: Loder, Karl
Jazyk: Němčina
Latina
Vydáno: Costanz : in Verlag Jacob Fridrich Berz, und Compagnie Buchhändlere, 1765
Témata:
Externí odkaz: Digitalizovaný dokument
Fyzický popis: [8], 708, [3] s. ; 8°
Language note: V německém textu latinské pasáže
Knihy
Uloženo v:
LEADER 02150nam a2200445 a 4500
001 mzk03001175948
003 CZ BrMZK
005 20200608085839.0
007 ta
008 090423s1765 gw ||||f||||||||||||ger|d
040 |a BOE950  |b cze 
041 0 |a ger  |a lat 
072 7 |a 094  |x Staré tisky  |2 Konspekt  |9 12 
072 7 |a 27-9  |x Dějiny křesťanské církve  |2 Konspekt  |9 5 
080 |a 025.171  |2 MRF 
080 |a 27-9  |2 MRF 
080 |a (0.068)094  |2 MRF 
100 1 |a Loder, Karl  |4 aut 
245 1 0 |a Biblische Historie :  |b Aus dem alten und neuen Testament, Mit schrifftmäßigen Erklärungen, angenehmen Anmerkungen, und sittlichen Ermahnungen, zum Nutzen der Liebhaber.  |n Fünffzehender Theil,  |p Von unsers lieben Heylands Heil. Leyden, biß auf den Tod Ananias, und Saphira /  |c Von Weyland dem Hochwürdigen Herren Carolo Loder, regulirten Chorherrn, und frey-resignirten Decan des löbl. Gottshaus Oeningen angefangen ; Nunmehro durch einen Priester und Capitularen des freyen, und eximirten Gotteshaus Rheinau, O.S.B. B.V.M. sine labe conceptae fortgesetzt 
246 3 0 |a Von unsers lieben Heylands Heil. Leyden, biß auf den Tod Ananias, und Saphira 
260 |a Costanz :  |b in Verlag Jacob Fridrich Berz, und Compagnie Buchhändlere,  |c 1765 
300 |a [8], 708, [3] s. ;  |c 8° 
500 |a Výzdoba: Linky 
546 |a V německém textu latinské pasáže 
561 |a Provenience: Rajhradské znakové exlibris 
563 |a Kožená vazba se zlaceným hřbetem, červená ořízka 
650 0 7 |a historické knihovní fondy  |7 ph172933  |2 czenas 
650 7 |a církevní dějiny  |7 ph114283  |2 czenas 
655 7 |a staré tisky  |7 fd422076  |2 czenas 
856 4 1 |u https://imageserver.mzk.cz/mzk03/001/175/948/328100200545.titul  |y Digitalizovaný dokument 
903 |a RP 
910 |e BOE950  |c R - A. I. a. 34 
978 |b Betz, Jacob Friederich  |a Konstanz  |c 1765 
982 0 |a Rajhrad - benediktinský klášter 
984 |a Kostnice  |b Německo 
985 |a 1751-1800 
990 |a BK 
996 |e BOE950  |c R - A. I. a. 34 
991 |k rajhrad 
980 |c 200545  |g R - A. I. a. 34  |d 20090423  |t 5  |j ?  |1 328100200545  |n J  |z PA  |v V  |p inv. č. 13956